Datum a čas kvízu
25.5
Celkem bodů
Celkový počet nahraných bodů na tomto kvízu bez doplňovacích otázek.
4.
Pořadí na kvízu
Konečné umístění týmu na tomto kvízu.
Zaznamenané odpovědi
| # | Otázka | Odpověď | Body | Výsledky |
|---|---|---|---|---|
| 1. | Jedno ze zvířat, které pražská... | kůň Převalského | 1 | |
| 2. | Premiér jednoho evropského stá... | Nizozemsko | 1 | |
| 3. | Která hollywoodská hvězda, drž... | Angelina Jolie | 0 | |
| 4. | V návaznosti na jistou událost... | o Teslu | 1 | |
| 5. | Jak se jmenují vítězové mužské... | Carlos Alcaraz; Coco Gauff | 0 | |
| 6. | Které slavné literární dílo je... | Kámasútra | 1 | |
| 7. | Nyní uvidíte krátký úryvek z p... | Bible | 1 | |
| 8. | Charles Darwin strávil v roce... | Galapágy; pěnkavy | 0 | |
| 9. | Za půl bodu uveďte, ze kterého... | Vladař; Niccoló Machiavelli | 1 | |
| 10. | Ať už jste či nejste fanoušky... | Medek, Pavel a Vladimír | 0 |